A22_高校数TOP100の市区町村 - Statistics

General Stats
  • This quiz has been taken 107 times
  • The average score is 100 of 106
Answer Stats
順位 都道府
県名
種類 高校数 市町村名 % Correct
1 神奈川県 91 横浜市
100%
2 大阪府 89 大阪市
100%
3 愛知県 63 名古屋市
100%
4 兵庫県 56 神戸市
100%
5 京都府 55 京都市
100%
6 北海道 51 札幌市
100%
7 広島県 42 広島市
100%
8 福岡県 41 福岡市
100%
10 福岡県 37 北九州市
100%
11 宮城県 35 仙台市
100%
12 埼玉県 34 さいたま市
100%
13 千葉県 29 千葉市
100%
14 新潟県 28 新潟市
100%
16 静岡県 27 静岡市
100%
16 熊本県 27 熊本市
100%
18 岡山県 26 岡山市
100%
22 鹿児島県 23 鹿児島市
100%
25 石川県 20 金沢市
100%
25 大分県 20 大分市
100%
28 富山県 19 富山市
100%
45 東京都 特別区 15 北区
100%
52 香川県 14 高松市
100%
66 佐賀県 13 佐賀市
100%
14 静岡県 28 浜松市
98%
23 兵庫県 22 姫路市
98%
24 岡山県 21 倉敷市
98%
25 長崎県 20 長崎市
98%
28 長野県 19 長野市
98%
32 岐阜県 18 岐阜市
98%
37 栃木県 17 宇都宮市
98%
37 宮崎県 17 宮崎市
98%
42 愛媛県 16 松山市
98%
45 福島県 15 福島市
98%
52 秋田県 14 秋田市
98%
52 山形県 14 山形市
98%
52 和歌山県 14 和歌山市
98%
66 福井県 13 福井市
98%
66 山梨県 13 甲府市
98%
76 群馬県 12 前橋市
98%
76 三重県 12 津市
98%
76 島根県 12 松江市
98%
76 徳島県 12 徳島市
98%
76 沖縄県 12 那覇市
98%
98 鳥取県 10 鳥取市
98%
21 大阪府 24 堺市
96%
37 神奈川県 17 相模原市
96%
42 高知県 16 高知市
96%
45 奈良県 15 奈良市
96%
52 山口県 14 下関市
96%
66 青森県 13 青森市
96%
66 滋賀県 13 大津市
96%
89 東京都 特別区 11 新宿区
96%
98 山口県 10 山口市
96%
9 東京都 特別区 38 世田谷区
94%
19 神奈川県 25 川崎市
94%
28 広島県 19 福山市
94%
32 東京都 18 八王子市
94%
37 岩手県 17 盛岡市
94%
45 茨城県 15 水戸市
94%
52 北海道 14 函館市
94%
52 青森県 14 八戸市
94%
52 大阪府 14 東大阪市
94%
52 長崎県 14 佐世保市
94%
66 北海道 13 旭川市
94%
66 群馬県 13 高崎市
94%
76 神奈川県 12 横須賀市
94%
89 新潟県 11 長岡市
94%
89 長野県 11 松本市
94%
89 愛知県 11 豊橋市
94%
89 広島県 11 呉市
94%
98 東京都 特別区 10 江戸川区
94%
32 福島県 18 いわき市
92%
32 東京都 特別区 18 港区
92%
42 兵庫県 16 西宮市
92%
45 千葉県 15 船橋市
92%
52 東京都 特別区 14 練馬区
92%
52 愛知県 14 豊田市
92%
66 福島県 13 郡山市
92%
66 三重県 13 四日市市
92%
45 埼玉県 15 川越市
91%
52 千葉県 14 柏市
91%
66 兵庫県 13 尼崎市
91%
76 東京都 特別区 12 江東区
91%
76 東京都 特別区 12 品川区
91%
76 東京都 特別区 12 板橋区
91%
19 東京都 特別区 25 文京区
89%
28 東京都 特別区 19 杉並区
89%
32 東京都 特別区 18 千代田区
89%
52 千葉県 14 市川市
89%
52 東京都 特別区 14 大田区
89%
89 東京都 特別区 11 足立区
89%
98 東京都 特別区 10 目黒区
89%
98 東京都 特別区 10 渋谷区
89%
76 愛知県 12 一宮市
87%
89 愛知県 11 岡崎市
87%
98 富山県 10 高岡市
87%
76 東京都 12 町田市
85%
76 福岡県 12 久留米市
85%
98 千葉県 10 松戸市
85%
37 東京都 特別区 17 豊島区
83%
45 神奈川県 15 藤沢市
83%
89 新潟県 11 上越市
83%
89 静岡県 11 沼津市
83%
76 東京都 特別区 12 中野区
81%
98 大阪府 10 茨木市
75%
98 神奈川県 10 鎌倉市
74%
No matching quizzes found
Score Distribution
Percent of People with Each Score
Percentile by Number Answered
Your Score History
You have not taken this quiz